South Eastern Kenya University

Library Online Public Access Catalogue


Taking care of your child : (Record no. 4292)

MARC details
000 -LEADER
fixed length control field 00674cam a2200205 a 4500
020 ## - ISBN
International Standard Book Number 9780738213491
050 00 - LIBRARY OF CONGRESS CALL NUMBER
Classification Number RJ61
Item Number .P21 2009
100 1# - MAIN ENTRY--Author
Personal name Pantell, Robert H.,
Dates associated with a name 1945-
245 10 - TITLE
Title Taking care of your child :
Remainder of title a parent's illustrated guide to complete medical care /
Statement of responsibility, etc Robert H. Pantell, Donald M. Vickery, James F. Fries.
250 ## - EDITIONSTATEMENT
Edition statement 8th ed.
260 ## - PUBLICATION, DISTRIBUTION, ETC.(IMPRINT)
Place of publication, distribution, etc Philadelphia, PA :
Name of publisher, distributor, etc Da Capo/Life Long,
Date of publication, distribution, etc 2009.
300 ## - PHYSICAL DESCRIPTION
Extent xxiv, 520 p. :
500 ## - GENERALNOTE
General note Includes index.
650 #0 - SUBJECT--TOPIC
General subdivision Health and hygiene
Form subdivision Popular works.
650 #0 - SUBJECT--TOPIC
General subdivision Home care.
650 #0 - SUBJECT--TOPIC
General subdivision Diseases
Form subdivision Popular works.
700 1# - ADDED ENTRY--PERSONAL AUTHOR
Personal Name Vickery, Donald M.
700 1# - ADDED ENTRY--PERSONAL AUTHOR
Personal Name Fries, James F.
942 ## - ADDED ENTRY ELEMENTS(KOHA)
Source of classification or shelving scheme Library of Congress Classification
Koha item type General circulation
Holdings
Source of classification or shelving scheme Not for loan Location (home branch) Sublocation (holding branch) Shelving location Date accessioned Full call number Barcode Koha item type Public note
Library of Congress Classification   Main Campus Library Main Campus Library   25/06/2015 RJ61 .P21 2009 2015/000726 General circulation amm
Kitui, Kenya.
+254736116989
library@seku.ac.ke